000 00489nam a2200193Ia 4500
005 20250425162510.0
008 250425s9999 xx 000 0 und d
041 _aspa
082 _a658
100 _aCARREÑO MENDOZA, LORENA
245 0 _aADMINISTRACION DE EMPRESAS: FUNCIONES DEL PROCESO ADMINISTRATIVO
250 _a1A ED.
260 _aCALCETA
260 _aEcuador
_bESPAM
_c1950
300 _a111
650 _aADMINISTRACION DE EMPRESAS
942 _c01
010 _a78359
999 _c230448
_d230448